008300000a220013300045001000035000002450061000353000040000965200349001366500039004857730057005249420008005819520090005899990017006791 aBenito Millan, Claudia Marina.10aLa formación filosófica como experiencia estética. ano.48 (ene. - feb., 2011), p. 50-53 aEl presente texto expone dos experiencias en aula. en las cuales se privilegia la experiencia estética como experiencia pedagógica y como horizonte de vinculación del análisis y la reflexión filosófica con contextos y entornos múltiples. Se comenta la experiencia que se ha tenido en dos cursos desarrollados en diversos momentos.14aPEDAGOGIA - METODOS DE ENSEÑANZA0 tRevista internacional magisterio : educación y ped cANA 001040708HEMaFUSBCbFUSBCd2016-01-26l0o r2016-01-26 00:00:00w2016-01-26yANA c63296d63296